| 000 | 01015nam a22002537a 4500 | ||
|---|---|---|---|
| 999 |
_c15658 _d15658 |
||
| 003 | MIRAKIL | ||
| 005 | 20240315161647.0 | ||
| 008 | 240315b tu ||||| |||| 00| 0 tur d | ||
| 020 | _a9789751608017 | ||
| 040 |
_aTR-AnCHP _cTR-AnCHP |
||
| 041 | _atur | ||
| 082 |
_a813.42 _bG99 2022 |
||
| 245 | 1 | 0 |
_aGüzel yazılar _bhikayeler 2 / _chazırlayanlar: Prof. Dr. İsmail Parlatır, Prof. Dr. İnci Enginün, Prof. Dr. Orhan Okay, Prof Dr. Zeynep Kerman, Prof. Dr. Kazım Yetiş, Prof Dr. Necat Birinci |
| 250 | _a8. baskı: Ankara, 2022 Mayıs | ||
| 260 |
_aAnkara : _bTürk Dil Kurumu Yayınları, _c2022 |
||
| 300 |
_a(xıv, 337 sayfa) ; _c20 cm |
||
| 490 | 0 |
_aAnkara Kültür, Dil ve Tarih Yüksek Kurumu Türk Dil Kurumu Yayınları ;. _v642. |
|
| 490 | 0 |
_aGüzel Yazılar dizisi ; _v3. |
|
| 500 | _aEser tıpkı basım içerir | ||
| 650 | 0 |
_97773 _aTürk Hikayeleri |
|
| 856 | _zDijital Nüshası için Partimizin Kütüphane Sorumlusu ile iletişime geçiniz. | ||
| 942 |
_2ddc _cBKS |
||
| 999 | _d15657 | ||